000
00271nam a2200121Ia 4500
008
190216s9999||||xx |||||||||||||| ||und||
100
_a
Ray Chaudhuri
245
0
_a
Land And Soil
260
_b
Prentice Hall India
_c
1966
300
_a
121p
650
_a
Botany
942
_c
BK
999
_c
1050
_d
1050